Thế giới phát minh; T4

Сохранить в:
Библиографические подробности
Главный автор: Valérie-Anne Giscard d'Estaing
Формат:
Язык:Undetermined
Опубликовано: Hà Nội KHKT 1994
Предметы:
Метки: Добавить метку
Нет меток, Требуется 1-ая метка записи!
Thư viện lưu trữ: Trung tâm Học liệu Trường Đại học Cần Thơ
LEADER 00472nam a2200169Ia 4500
001 CTU_28295
008 210402s9999 xx 000 0 und d
082 |a 609 
082 |b E79/T4 
100 |a Valérie-Anne Giscard d'Estaing 
245 0 |a Thế giới phát minh; T4 
245 0 |c Valérie-Anne Giscard d'Estaing 
260 |a Hà Nội 
260 |b KHKT 
260 |c 1994 
650 |a inventions 
980 |a Trung tâm Học liệu Trường Đại học Cần Thơ